Catálogo
 En Linea

Economía del comercio y desarrollo / (Registro nro. 21685)

Detalles MARC
000 -CABECERA
campo de control de longitud fija 00856nam a2200229 a 4500
001 - NÚMERO DE CONTROL
campo de control 000022187
005 - FECHA Y HORA DE LA ÚLTIMA TRANSACCIÓN
campo de control 20250701132841.0
008 - DATOS DE LONGITUD FIJA--INFORMACIÓN GENERAL
campo de control de longitud fija 100917s1968 ag r 000 0 spa d
040 ## - FUENTE DE LA CATALOGACIÓN
Centro catalogador/agencia de origen DO-SdBNP
Lengua de catalogación spa
Centro/agencia transcriptor BNPHU
082 ## - NÚMERO DE LA CLASIFICACIÓN DECIMAL DEWEY
Número de clasificación 338.91
Número de documento/Ítem E19c
049 ## - FONDOS LOCALES (OCLC)
Fondos de biblioteca BNGR
245 00 - MENCIÓN DE TÍTULO
Título Economía del comercio y desarrollo /
Mención de responsabilidad, etc. compilación James D. Theberge ; traducción Jorge Todesca , Aníbal C. Leal.
260 ## - PUBLICACIÓN, DISTRIBUCIÓN, ETC.
Lugar de publicación, distribución, etc. Buenos Aires, Argentina :
Nombre del editor, distribuidor, etc. Amorrortu,
Fecha de publicación, distribución, etc. 1968.
300 ## - DESCRIPCIÓN FÍSICA
Extensión 626 p. ;
Dimensiones 23 cm.
500 ## - NOTA GENERAL
Nota general Incluye bibliografía p. [619-623].
504 ## - NOTA DE BIBLIOGRAFÍA, ETC.
Nota de bibliografía, etc. Incluye referencias bibliográficas y notas al pie de las páginas.
650 #0 - PUNTO DE ACCESO ADICIONAL DE MATERIA--TÉRMINO DE MATERIA
Término de materia o nombre geográfico como elemento de entrada Relaciones económicas internacionales
9 (RLIN) 1067
650 #0 - PUNTO DE ACCESO ADICIONAL DE MATERIA--TÉRMINO DE MATERIA
Término de materia o nombre geográfico como elemento de entrada Desarrollo económico
9 (RLIN) 85548
700 1# - PUNTO DE ACCESO ADICIONAL--NOMBRE DE PERSONA
Nombre de persona Theberge, James D.,
Término indicativo de función/relación comp.
9 (RLIN) 45904
700 1# - PUNTO DE ACCESO ADICIONAL--NOMBRE DE PERSONA
Nombre de persona Todesca, Jorge,
Término indicativo de función/relación tr.
9 (RLIN) 45905
700 1# - PUNTO DE ACCESO ADICIONAL--NOMBRE DE PERSONA
Nombre de persona Leal, Aníbal C.,
Término indicativo de función/relación tr.
9 (RLIN) 45906
Existencias
Estado de retiro Estado de pérdida Restricciones de uso No para préstamo Código de colección Localización permanente Ubicación/localización actual Ubicación en estantería Fecha de adquisición Número de inventario Total de préstamos Signatura topográfica completa Código de barras Fecha visto por última vez Precio válido a partir de Tipo de ítem Koha
        Monografías: Libros y Folletos General General En catalogación 17.09.2010 LF1   338.91 E19c 22187-10 25.06.2020 25.06.2020 Préstamo en sala

Con tecnología Koha